01744nam a2200373 i 4500001001000000003000900010005001700019007000300036008004100039020001800080040003000098082003100128100003400159245006400193250001800257264006100275300004800336336002800384337003400412338002800446500005700474500002200531500007300553590002700626600006100653651006600714651007800780910003700858942001400895952015400909952014201063952014801205999001701353000048960DO-SdBNP20240229073955.0ta190507s2016 dr a r 000 0 spa d a9789993427216 aDO-SdBNPbspacBNPHUerda 4a972.93053bV422a, 20162221 aVega, Bernardo,d1938 -9322213aEl ascenso de Trujillo al poder 1929-1930 /cBernardo Vega. a2a. edición aSanto Domingo :bFundación Cultural Dominicana,c2016. a1007 páginas :bilustraciones ;c27 cm. 2rdacontent atextobtxt 2rdamedia asin mediaciónbn 2rdacarrieravolumenbnc aIncluye datos biográficos del autor en las solapas aIncluye índices aIncluye referencias bibliográficas y notas al pie de las páginas aInventariado, 2023/MFF14a Trujillo Molina, Rafael Leónidas, d1891-1961.984562 4aRepública DominicanaxHistoria yEra de Trujillo, 1930-1961 4aRepública DominicanaxPolítica y gobierno y1844-1930vFuentes984563 aValidado. Control de calidad MFF 2ddccLBS1 00102ddc56708DSaBNPHUbBNPHUcHDd2019-05-07l0oBNPHU DS 972.93053 V422a 2016p48960-30r2020-06-25te. 3w2020-06-25yLBS1ZPréstamo en sala 00102ddc51708PDaBNPHUbBNPHUcHDd2019-05-07l0oBNPHU PD 972.93053 V422a 2016p48960-10r2020-06-25w2020-06-25yLBS1ZNo se presta 00102ddc51708PDaBNPHUbBNPHUcHDd2019-05-07l0oBNPHU PD 972.93053 V422a 2016p48960-20r2020-06-25te. 2w2020-06-25yLBS1ZNo se presta c48448d48448